000 00284nam a22001337a 4500
008 181011b xxu||||| |||| 00| 0 eng d
020 _a9780131483170
041 _aeng
080 _a311
100 _a55
101 _aSTA
245 _aElementary Statics
_cLarson
942 _2udc
_cBK
999 _c49408
_d49408